<?xml version="1.0" encoding="UTF-8"?>
<record
    xmlns:xsi="http://www.w3.org/2001/XMLSchema-instance"
    xsi:schemaLocation="http://www.loc.gov/MARC21/slim http://www.loc.gov/standards/marcxml/schema/MARC21slim.xsd"
    xmlns="http://www.loc.gov/MARC21/slim">

  <leader>04837cam a2200433 i 4500</leader>
  <datafield tag="999" ind1=" " ind2=" ">
    <subfield code="c">79467</subfield>
    <subfield code="d">316744</subfield>
  </datafield>
  <controlfield tag="001">1019999509</controlfield>
  <controlfield tag="003">OCoLC</controlfield>
  <controlfield tag="005">20210305194929.0</controlfield>
  <controlfield tag="008">180122s2019    stka     b    001 0 eng  </controlfield>
  <datafield tag="020" ind1=" " ind2=" ">
    <subfield code="a">9780702062247</subfield>
  </datafield>
  <datafield tag="020" ind1=" " ind2=" ">
    <subfield code="a">0702062243</subfield>
  </datafield>
  <datafield tag="020" ind1=" " ind2=" ">
    <subfield code="z">9780702065057</subfield>
  </datafield>
  <datafield tag="020" ind1=" " ind2=" ">
    <subfield code="z">0702065056</subfield>
  </datafield>
  <datafield tag="035" ind1=" " ind2=" ">
    <subfield code="a">(OCoLC)1019999509</subfield>
    <subfield code="z">(OCoLC)1065379335</subfield>
  </datafield>
  <datafield tag="040" ind1=" " ind2=" ">
    <subfield code="a">NLM</subfield>
    <subfield code="b">eng</subfield>
    <subfield code="e">rda</subfield>
    <subfield code="c">NLM</subfield>
    <subfield code="d">YT1</subfield>
    <subfield code="d">UKMGB</subfield>
    <subfield code="d">OCLCF</subfield>
    <subfield code="d">CHVBK</subfield>
    <subfield code="d">YDX</subfield>
    <subfield code="d">Z8Q</subfield>
    <subfield code="d">YDXIT</subfield>
    <subfield code="d">IAX</subfield>
    <subfield code="d">MNU</subfield>
    <subfield code="d">PIT</subfield>
    <subfield code="d">OCLCO</subfield>
  </datafield>
  <datafield tag="042" ind1=" " ind2=" ">
    <subfield code="a">pcc</subfield>
  </datafield>
  <datafield tag="050" ind1=" " ind2="4">
    <subfield code="a">R723</subfield>
    <subfield code="b">.C57 2019</subfield>
  </datafield>
  <datafield tag="082" ind1="0" ind2="4">
    <subfield code="a">610.1</subfield>
    <subfield code="2">23</subfield>
    <subfield code="b">CLR</subfield>
  </datafield>
  <datafield tag="245" ind1="0" ind2="0">
    <subfield code="a">Clinical reasoning in the health professions /</subfield>
    <subfield code="c">edited by Joy Higgs, Gail M. Jensen, Stephen Loftus, Nicole Christensen</subfield>
  </datafield>
  <datafield tag="250" ind1=" " ind2=" ">
    <subfield code="a">Fourth edition</subfield>
  </datafield>
  <datafield tag="264" ind1=" " ind2="1">
    <subfield code="a">Edinburgh ;</subfield>
    <subfield code="a">New York :</subfield>
    <subfield code="b">Elsevier,</subfield>
    <subfield code="c">2019</subfield>
  </datafield>
  <datafield tag="300" ind1=" " ind2=" ">
    <subfield code="a">xix, 511 pages :</subfield>
    <subfield code="b">illustrations ;</subfield>
    <subfield code="c">24 cm</subfield>
  </datafield>
  <datafield tag="504" ind1=" " ind2=" ">
    <subfield code="a">Includes bibliographical references and index</subfield>
  </datafield>
  <datafield tag="505" ind1="0" ind2=" ">
    <subfield code="a">Section 1. Understanding clinical reasoning. Clinical reasoning: challenges of interpretation and practice in the 21st century -- Re-interpreting clinical reasoning: a model of encultured decision making practice capabilities -- Multiple spaces of choice, engagement and influence in clinical decision making -- Clinical reasoning and models of practice -- The development of clinical reasoning expertise -- Expertise and clinical reasoning -- Section 2. The changing context of clinical reasoning and practice. The context of clinical reasoning across the health professions in the 21st century -- Changing demographic and cultural dimensions of populations: Implications for healthcare and decision making -- Clinical thinking, client expectations and patient-centred care -- Next generation clinical practice guidelines -- Action and narrative: Two dynamics of clinical reasoning -- The language of clinical reasoning -- Evidence-based practice and clinical reasoning: In tension, tandem or two sides of the same coin? -- Methods in the study of clinical reasoning -- Section 3. Collaborative and transdisciplinary reasoning. Collaborative decision making in liquid times -- Ethical reasoning -- Shared decision making in practice -- Using decision aids to involve clients in clinical decision making -- Clinical decision making, social justice and client empowerment -- Clinical decision making across orthodox and complementary medicine fields -- Section 4. Clinical reasoning and the professions. Clinical reasoning in medicine -- Clinical reasoning in nursing -- Clinical reasoning in physiotherapy -- Clinical reasoning in dentistry -- Clinical reasoning in occupational therapy -- Clinical decision making in emergency medicine -- Clinical decision making in paramedicine -- Clinical decision making in optometry -- Clinical reasoning in dietetics -- Clinical reasoning in pharmacy -- Section 5. Teaching clinical reasoning. Pedagogies for teaching and learning clinical reasoning -- Teaching clinical reasoning in medical education courses -- Teaching clinical reasoning in nursing education -- Speech-language pathology students: Learning clinical reasoning -- Clinical reasoning and biomedical knowledge: Implications for teaching -- Cultivating a thinking surgeon, using a Clinical Thinking Pathway as a learning and assessment process: ten years on -- Interprofessional programs to develop clinical reasoning -- Assessing clinical reasoning -- Section 6. Learning clinical reasoning. Learning to communicate clinical reasoning -- Developing clinical reasoning capability -- Remediating learning and performance of clinical reasoning in medicine -- Learning about factors influencing clinical decision making -- Learning reasoning using simulation -- Learning to use evidence to support decision making -- Learning to research clinical reasoning -- Learning clinical reasoning across cultural contexts -- Peer learning to develop clinical reasoning abilities</subfield>
  </datafield>
  <datafield tag="520" ind1=" " ind2=" ">
    <subfield code="a">"Clinical reasoning lies at the core of health care practice and education. Clinical Reasoning in the Health Professions, therefore, occupies a central place in the education of health professionals, the enhancement of professional decision making of individuals and groups of practitioners with their clients, and research into optimal practice reasoning."--Publisher's description</subfield>
  </datafield>
  <datafield tag="650" ind1="1" ind2="2">
    <subfield code="a">Clinical Decision-Making</subfield>
    <subfield code="9">88553</subfield>
  </datafield>
  <datafield tag="650" ind1="1" ind2="2">
    <subfield code="a">Logic</subfield>
    <subfield code="9">88554</subfield>
  </datafield>
  <datafield tag="650" ind1="2" ind2="2">
    <subfield code="a">Evidence-Based Practice</subfield>
    <subfield code="9">17622</subfield>
  </datafield>
  <datafield tag="650" ind1="2" ind2="2">
    <subfield code="a">Decision Support Techniques</subfield>
    <subfield code="9">38968</subfield>
  </datafield>
  <datafield tag="650" ind1="2" ind2="2">
    <subfield code="a">Clinical Competence</subfield>
    <subfield code="9">88555</subfield>
  </datafield>
  <datafield tag="650" ind1=" " ind2="0">
    <subfield code="a">Medical logic</subfield>
    <subfield code="9">88556</subfield>
  </datafield>
  <datafield tag="650" ind1=" " ind2="0">
    <subfield code="a">Clinical medicine</subfield>
    <subfield code="x">Decision making</subfield>
    <subfield code="9">88557</subfield>
  </datafield>
  <datafield tag="700" ind1="1" ind2=" ">
    <subfield code="a">Higgs, Joy,</subfield>
    <subfield code="e">editor</subfield>
    <subfield code="9">88558</subfield>
  </datafield>
  <datafield tag="700" ind1="1" ind2=" ">
    <subfield code="a">Jensen, Gail M.,</subfield>
    <subfield code="e">editor</subfield>
    <subfield code="9">45772</subfield>
  </datafield>
  <datafield tag="700" ind1="1" ind2=" ">
    <subfield code="a">Loftus, Stephen,</subfield>
    <subfield code="e">editor</subfield>
    <subfield code="9">88559</subfield>
  </datafield>
  <datafield tag="700" ind1="1" ind2=" ">
    <subfield code="a">Christensen, Nicole,</subfield>
    <subfield code="e">editor</subfield>
    <subfield code="9">88560</subfield>
  </datafield>
  <datafield tag="776" ind1="0" ind2="8">
    <subfield code="i">Online version :</subfield>
    <subfield code="z">9780702065057</subfield>
  </datafield>
  <datafield tag="942" ind1=" " ind2=" ">
    <subfield code="2">ddc</subfield>
    <subfield code="c">BOOK</subfield>
  </datafield>
  <datafield tag="952" ind1=" " ind2=" ">
    <subfield code="1">0</subfield>
    <subfield code="2">2021-03-05</subfield>
    <subfield code="4">0</subfield>
    <subfield code="7">0</subfield>
    <subfield code="a">610.1 CLR</subfield>
    <subfield code="d">2021-03-05</subfield>
    <subfield code="h">CL</subfield>
    <subfield code="i">00167509</subfield>
    <subfield code="m">CL</subfield>
    <subfield code="r">2021-03-05 00:00:00</subfield>
    <subfield code="t">BOOK</subfield>
    <subfield code="w">ddc</subfield>
    <subfield code="y">0</subfield>
  </datafield>
  <datafield tag="952" ind1=" " ind2=" ">
    <subfield code="1">0</subfield>
    <subfield code="2">2021-03-05</subfield>
    <subfield code="4">0</subfield>
    <subfield code="7">0</subfield>
    <subfield code="a">610.1 CLR</subfield>
    <subfield code="d">2021-03-05</subfield>
    <subfield code="h">CL</subfield>
    <subfield code="i">00167510</subfield>
    <subfield code="m">CL</subfield>
    <subfield code="r">2021-03-05 00:00:00</subfield>
    <subfield code="t">BOOK</subfield>
    <subfield code="w">ddc</subfield>
    <subfield code="y">0</subfield>
  </datafield>
  <datafield tag="952" ind1=" " ind2=" ">
    <subfield code="1">0</subfield>
    <subfield code="2">2021-03-05</subfield>
    <subfield code="4">0</subfield>
    <subfield code="7">0</subfield>
    <subfield code="a">610.1 CLR</subfield>
    <subfield code="d">2021-03-05</subfield>
    <subfield code="h">CL</subfield>
    <subfield code="i">00167511</subfield>
    <subfield code="m">CL</subfield>
    <subfield code="r">2021-03-05 00:00:00</subfield>
    <subfield code="t">BOOK</subfield>
    <subfield code="w">ddc</subfield>
    <subfield code="y">0</subfield>
  </datafield>
  <datafield tag="952" ind1=" " ind2=" ">
    <subfield code="1">0</subfield>
    <subfield code="2">2021-03-05</subfield>
    <subfield code="4">0</subfield>
    <subfield code="7">0</subfield>
    <subfield code="a">610.1 CLR</subfield>
    <subfield code="d">2021-03-05</subfield>
    <subfield code="h">AMF</subfield>
    <subfield code="i">00167606</subfield>
    <subfield code="m">AMF</subfield>
    <subfield code="r">2021-03-05 00:00:00</subfield>
    <subfield code="t">BOOK</subfield>
    <subfield code="w">ddc</subfield>
    <subfield code="y">0</subfield>
  </datafield>
  <datafield tag="952" ind1=" " ind2=" ">
    <subfield code="1">0</subfield>
    <subfield code="2">2021-03-05</subfield>
    <subfield code="4">0</subfield>
    <subfield code="7">0</subfield>
    <subfield code="a">610.1 CLR</subfield>
    <subfield code="d">2021-03-05</subfield>
    <subfield code="h">AMF</subfield>
    <subfield code="i">00167607</subfield>
    <subfield code="m">AMF</subfield>
    <subfield code="o">1</subfield>
    <subfield code="q">2024-09-04</subfield>
    <subfield code="r">2024-10-07 00:00:00</subfield>
    <subfield code="t">BOOK</subfield>
    <subfield code="w">ddc</subfield>
    <subfield code="y">1</subfield>
  </datafield>
</record>
